UNESCO World Heritage Sites #2 - Statistics

General Stats
  • This quiz has been taken 2,336 times
    2,252 since last reset
  • The average score is 13 of 20
Answer Stats
Site Country % Correct
Yellowstone National Park USA
98%
Stonehenge United Kingdom
97%
Tasmanian Wilderness Australia
92%
Chichen-Itza Mexico
90%
Komodo National Park Indonesia
85%
Serengeti National Park Tanzania
77%
Carthage Tunisia
77%
Timbuktu Mali
75%
Head-Smashed-In Buffalo Jump Canada
70%
Iguazú National Park Argentina
68%
Rapa Nui Chile
64%
Jeju Volcanic Island South Korea
59%
Ayutthaya Thailand
57%
Meteora Greece
55%
Pasargadae Iran
49%
Samarkand Uzbekistan
48%
Tyre Lebanon
47%
Samarra Iraq
44%
Masada Israel
42%
Aksum Ethiopia
40%
No matching quizzes found
Score Distribution
Percent of People with Each Score
Percentile by Number Answered
Your Score History
You have not taken this quiz since the last reset